000 00470nam a2200193Ia 4500
003 0100
008 130303s9999 xx 000 0 und d
020 _a773487344
040 _cARRUPELIB
050 _aK474.D662D661996
100 _aDooyeweerd, Herman
245 _aEssays in legal, social and political philosophy
260 _aLewiston
260 _bThe Edwin Mellen Press
260 _C1996
300 _a169 p.
700 _aHerman Dooyeweerd
942 0 0 _03
999 _c11768
_d11768